000 00913nam a22002417a 4500
005 20100811153132.0
008 081119t xxu||||| |||| 00| 0 ur d
010 _aUR-7675
020 _c80.00
035 _a6230
040 _aDPL
_bUR
082 _a954.083
100 _910685
245 _aتحریک آزادی اور میوات /
_cکشمیری لال زاکر؛مرتبہ
_b
246 _aTahreek Ajadi aur Mewat /
_bedited by Kashmiri Lal Jakir
260 _aہریانہ
_c2008
_bہریانہ اردو اکادمی
270 _aHaryana Urdu Academy
300 _a154 ص
_c22 س م (Hb)
650 _aUrdu story
_910686
700 _aکشمیری لال زاکر
_911220
942 _2ddc
_cUR
_mت ح ر
_h841.08
999 _c41110
_d41110